| 000 | 00694nam a22002297a 4500 | ||
|---|---|---|---|
| 999 |
_c15112 _d15112 |
||
| 003 | AR-CdUCM | ||
| 008 | 190425b ||||| |||| 00| 0 spa d | ||
| 020 | _a978-84-675-1679-1 | ||
| 040 |
_aMUNICIPALIDAD PROVINCIAL DEL CUSCO _cBIBLIOTECA MUNICIPAL DEL CUSCO |
||
| 041 | _heng | ||
| 082 |
_aPI / 376.12 / _bM83 |
||
| 100 |
_aMoroney, Trace _933288 |
||
| 245 | _aCuando estoy enfadado / | ||
| 260 |
_aMadrid : _bEdiciones SM, _c2014. |
||
| 300 |
_bilustraciones, _c21 cm. |
||
| 650 |
_aTexto infantil _929090 |
||
| 650 |
_aAprendizaje _92143 |
||
| 650 |
_aLiteratura infantil _9588 |
||
| 700 |
_aTellechea, Teresa (traducción) _933289 |
||
| 942 |
_2ddc _cLIBROS |
||
| 945 |
_aachl _d2019-04-25 |
||